000 00205 a2200097 4500
001 47614
100 _aVerney G.L
245 _aThe desert rats
260 _aLondon
_bHutchinson
_c
090 _c30627
_d30627
942 _aNUST-CAE
_cM
_c22922
999 _c282687
_d282687